[Event "European Women's Championship"]
[Site "Vysoke Tatry"]
[Date "2018.04.18"]
[Round "10"]
[White "Manakova, Maria"]
[Black "Okuyaz, Duru"]
[Result "1-0"]
[Board "57"]
[WhiteElo "2268"]
[WhiteTitle "WGM"]
[WhiteCountry "SRB"]
[WhiteFideId "927007"]
[WhiteEloChange "6"]
[BlackElo "2122"]
[BlackTitle "WFM"]
[BlackCountry "TUR"]
[BlackFideId "6346022"]
[BlackEloChange "-6"]

1. d4 {[%clk 1:29:21]} d5 {[%clk 1:30:33]} 2. e3 {[%clk 1:29:36]} Nf6 {[%clk
1:30:38]} 3. Bd3 {[%clk 1:28:01]} c5 {[%clk 1:30:07]} 4. b3 {[%clk 1:26:33]} Nc6
{[%clk 1:29:35]} 5. Bb2 {[%clk 1:26:43]} Bg4 {[%clk 1:27:52]} 6. f3 {[%clk
1:26:03]} Bh5 {[%clk 1:27:39]} 7. g4 {[%clk 1:12:50]} Bg6 {[%clk 1:27:27]} 8. g5
{[%clk 1:12:56]} Nd7 {[%clk 1:26:22]} 9. f4 {[%clk 1:12:53]} Bxd3 {[%clk
1:26:27]} 10. Qxd3 {[%clk 1:13:06]} cxd4 {[%clk 1:25:26]} 11. exd4 {[%clk
1:12:57]} Qc7 {[%clk 1:23:42]} 12. Qd2 {[%clk 1:10:32]} e6 {[%clk 1:20:28]} 13.
Nc3 {[%clk 1:05:27]} g6 {[%clk 1:18:49]} 14. Nf3 {[%clk 1:04:41]} a6 {[%clk
1:12:22]} 15. h4 {[%clk 1:00:35]} Bd6 {[%clk 1:05:09]} 16. Ne2 {[%clk 1:00:30]}
Nb4 {[%clk 1:04:49]} 17. Bc3 {[%clk 0:53:00]} a5 {[%clk 0:59:30]} 18. a3 {[%clk
0:49:42]} Nc6 {[%clk 0:59:23]} 19. h5 {[%clk 0:47:08]} O-O-O {[%clk 0:57:10]} 20.
Ne5 {[%clk 0:44:42]} Rdf8 {[%clk 0:53:53]} 21. Nxc6 {[%clk 0:42:21]} Qxc6 {[%clk
0:54:16]} 22. Bxa5 {[%clk 0:42:09]} f6 {[%clk 0:52:32]} 23. Bb4 {[%clk 0:31:33]}
fxg5 {[%clk 0:51:56]} 24. fxg5 {[%clk 0:31:47]} gxh5 {[%clk 0:50:47]} 25. Rxh5
{[%clk 0:31:07]} Rf5 {[%clk 0:46:38]} 26. Rh6 {[%clk 0:24:06]} Rhf8 {[%clk
0:43:38]} 27. O-O-O {[%clk 0:23:43]} Bxb4 {[%clk 0:43:50]} 28. axb4 {[%clk
0:23:43]} Qa6 {[%clk 0:37:13]} 29. Kb2 {[%clk 0:19:58]} Rf2 {[%clk 0:36:34]} 30.
Qc3+ {[%clk 0:14:31]} Kd8 {[%clk 0:28:29]} 31. Nc1 {[%clk 0:14:29]} R8f7 {[%clk
0:10:27]} 32. Nd3 {[%clk 0:13:27]} Rf1 {[%clk 0:10:42]} 33. Re1 {[%clk 0:09:26]}
Rxe1 {[%clk 0:07:42]} 34. Qxe1 {[%clk 0:09:43]} Nf8 {[%clk 0:07:54]} 35. Qe5
{[%clk 0:05:49]} Qa7 {[%clk 0:05:38]} 36. Rf6 {[%clk 0:03:17]} Nd7 {[%clk
0:05:32]} 37. Qf4 {[%clk 0:02:58]} Nxf6 {[%clk 0:05:13]} 38. gxf6 {[%clk
0:03:26]} Kc8 {[%clk 0:04:19]} 39. Nc5 {[%clk 0:01:14]} Qb6 {[%clk 0:04:03]} 40.
Qe5 {[%clk 0:31:21]} Qc6 {[%clk 0:33:04]} 41. b5 {[%clk 0:24:27]} Qe8 {[%clk
0:28:14]} 42. b6 {[%clk 0:24:14]} Qc6 {[%clk 0:26:17]} 43. Qg3 {[%clk 0:23:55]}
Qe8 {[%clk 0:25:47]} 44. Qe1 {[%clk 0:16:45]} Rxf6 {[%clk 0:22:41]} 45. Qa5
{[%clk 0:17:01]} Kd8 {[%clk 0:22:28]} 46. Nxb7+ {[%clk 0:17:25]} 1-0

[Event "European Women's Championship"]
[Site "Vysoke Tatry"]
[Date "2018.04.18"]
[Round "10"]
[White "Gevorgyan, Maria"]
[Black "Makka, Ioulia"]
[Result "1-0"]
[Board "58"]
[WhiteElo "2226"]
[WhiteTitle "WIM"]
[WhiteCountry "ARM"]
[WhiteFideId "13300270"]
[WhiteEloChange "6"]
[BlackElo "2076"]
[BlackTitle "WIM"]
[BlackCountry "GRE"]
[BlackFideId "4205316"]
[BlackEloChange "-6"]

1. e4 {[%clk 1:30:58]} e6 {[%clk 1:30:50]} 2. d3 {[%clk 1:31:15]} d5 {[%clk
1:30:34]} 3. Nd2 {[%clk 1:31:25]} Nf6 {[%clk 1:27:16]} 4. Ngf3 {[%clk 1:31:47]}
b6 {[%clk 1:26:27]} 5. e5 {[%clk 1:27:58]} Nfd7 {[%clk 1:26:42]} 6. d4 {[%clk
1:28:17]} c5 {[%clk 1:19:28]} 7. c3 {[%clk 1:28:05]} Be7 {[%clk 1:14:34]} 8. Bd3
{[%clk 1:26:33]} Ba6 {[%clk 1:13:11]} 9. Bxa6 {[%clk 1:26:42]} Nxa6 {[%clk
1:13:35]} 10. Qa4 {[%clk 1:26:36]} Nc7 {[%clk 1:12:35]} 11. O-O {[%clk 1:13:01]}
b5 {[%clk 1:08:46]} 12. Qc2 {[%clk 1:08:09]} O-O {[%clk 1:06:36]} 13. Re1 {[%clk
1:07:53]} Rc8 {[%clk 1:00:57]} 14. Nf1 {[%clk 1:07:01]} h6 {[%clk 0:39:49]} 15.
Bf4 {[%clk 1:05:36]} b4 {[%clk 0:36:36]} 16. cxb4 {[%clk 1:02:07]} cxb4 {[%clk
0:35:38]} 17. Qd3 {[%clk 1:02:20]} Nb6 {[%clk 0:34:15]} 18. b3 {[%clk 1:01:27]}
Qd7 {[%clk 0:33:56]} 19. h4 {[%clk 1:01:49]} Rfe8 {[%clk 0:28:03]} 20. Ng3 {[%clk
0:59:47]} Qb5 {[%clk 0:20:48]} 21. Qd2 {[%clk 0:59:31]} Bf8 {[%clk 0:20:57]} 22.
Nh5 {[%clk 0:58:44]} Nd7 {[%clk 0:20:56]} 23. Nh2 {[%clk 0:58:42]} g6 {[%clk
0:12:17]} 24. Bxh6 {[%clk 0:58:26]} gxh5 {[%clk 0:10:38]} 25. Qg5+ {[%clk
0:58:52]} Kh7 {[%clk 0:10:10]} 26. Bxf8 {[%clk 0:57:29]} Rxf8 {[%clk 0:09:56]}
27. Qxh5+ {[%clk 0:57:53]} Kg7 {[%clk 0:09:56]} 28. Qg5+ {[%clk 0:58:19]} Kh7
{[%clk 0:09:05]} 29. Re3 {[%clk 0:58:24]} Rg8 {[%clk 0:06:17]} 30. Qh5+ {[%clk
0:58:50]} Kg7 {[%clk 0:06:44]} 31. Rf3 {[%clk 0:59:15]} Nxe5 {[%clk 0:04:22]} 32.
dxe5 {[%clk 0:59:11]} Qd7 {[%clk 0:04:15]} 33. Rg3+ {[%clk 0:59:32]} Kf8 {[%clk
0:04:25]} 34. Qh6+ {[%clk 0:59:57]} Ke7 {[%clk 0:04:43]} 35. Qf6+ {[%clk
1:00:23]} Kf8 {[%clk 0:04:58]} 36. Rxg8+ {[%clk 0:57:53]} Kxg8 {[%clk 0:05:25]}
37. Ng4 {[%clk 0:57:40]} Ne8 {[%clk 0:04:59]} 38. Qg5+ {[%clk 0:54:14]} Kf8
{[%clk 0:01:50]} 39. h5 {[%clk 0:54:16]} d4 {[%clk 0:00:48]} 40. h6 {[%clk
1:24:31]} f5 {[%clk 0:30:37]} 41. exf6 {[%clk 1:24:34]} Qh7 {[%clk 0:27:26]} 42.
Rd1 {[%clk 1:21:52]} d3 {[%clk 0:26:05]} 43. Ne5 {[%clk 1:21:24]} Nd6 {[%clk
0:08:44]} 44. Rxd3 {[%clk 1:19:13]} Nf5 {[%clk 0:07:57]} 45. Rd7 {[%clk 1:18:41]}
Qxh6 {[%clk 0:05:46]} 46. Rf7+ {[%clk 1:19:07]} 1-0

[Event "European Women's Championship"]
[Site "Vysoke Tatry"]
[Date "2018.04.18"]
[Round "10"]
[White "Caglar, Sila"]
[Black "Motycakova, Monika"]
[Result "1/2-1/2"]
[Board "59"]
[WhiteElo "2077"]
[WhiteTitle "WFM"]
[WhiteCountry "TUR"]
[WhiteFideId "6364063"]
[WhiteEloChange "4"]
[BlackElo "2207"]
[BlackTitle "WFM"]
[BlackCountry "SVK"]
[BlackFideId "14909626"]
[BlackEloChange "-4"]

1. e4 {[%clk 1:30:56]} e5 {[%clk 1:30:54]} 2. Nf3 {[%clk 1:31:14]} Nc6 {[%clk
1:31:18]} 3. Bc4 {[%clk 1:31:37]} Bc5 {[%clk 1:31:44]} 4. O-O {[%clk 1:31:56]}
Nf6 {[%clk 1:32:02]} 5. d3 {[%clk 1:32:19]} O-O {[%clk 1:32:19]} 6. Bg5 {[%clk
1:32:40]} h6 {[%clk 1:31:54]} 7. Bh4 {[%clk 1:32:59]} g5 {[%clk 1:29:20]} 8. Bg3
{[%clk 1:33:21]} d6 {[%clk 1:29:43]} 9. c3 {[%clk 1:33:45]} Bg4 {[%clk 1:28:42]}
10. Nbd2 {[%clk 1:31:29]} Nh5 {[%clk 1:22:49]} 11. b4 {[%clk 1:23:00]} Bb6 {[%clk
1:22:44]} 12. a4 {[%clk 1:23:21]} a5 {[%clk 1:19:28]} 13. b5 {[%clk 1:21:03]} Ne7
{[%clk 1:19:42]} 14. Bb3 {[%clk 1:20:51]} Nxg3 {[%clk 1:11:08]} 15. hxg3 {[%clk
1:21:11]} c6 {[%clk 1:07:34]} 16. bxc6 {[%clk 1:19:52]} bxc6 {[%clk 1:07:52]} 17.
Nc4 {[%clk 1:20:15]} Bc7 {[%clk 1:02:57]} 18. d4 {[%clk 1:16:07]} Ng6 {[%clk
0:55:44]} 19. Ne3 {[%clk 1:11:22]} Bd7 {[%clk 0:53:03]} 20. d5 {[%clk 1:08:22]}
c5 {[%clk 0:51:50]} 21. Bc2 {[%clk 1:07:22]} Rb8 {[%clk 0:39:25]} 22. Nh2 {[%clk
1:04:06]} f6 {[%clk 0:36:35]} 23. Qh5 {[%clk 1:02:01]} Kg7 {[%clk 0:36:38]} 24.
Bd1 {[%clk 1:02:08]} Ne7 {[%clk 0:31:58]} 25. f4 {[%clk 0:48:46]} Qe8 {[%clk
0:26:53]} 26. Qf3 {[%clk 0:27:39]} Qg6 {[%clk 0:22:24]} 27. Ra2 {[%clk 0:25:00]}
Qe8 {[%clk 0:14:22]} 28. Raf2 {[%clk 0:20:27]} Ng6 {[%clk 0:13:33]} 29. fxg5
{[%clk 0:09:26]} hxg5 {[%clk 0:13:52]} 30. Nhg4 {[%clk 0:09:22]} Bd8 {[%clk
0:14:08]} 31. Nf5+ {[%clk 0:07:29]} Bxf5 {[%clk 0:12:48]} 32. Qxf5 {[%clk
0:07:51]} Rb7 {[%clk 0:05:35]} 33. Qf3 {[%clk 0:05:04]} Qd7 {[%clk 0:03:17]} 34.
Ra2 {[%clk 0:03:09]} c4 {[%clk 0:03:00]} 35. Ne3 {[%clk 0:01:24]} Bb6 {[%clk
0:03:26]} 36. Kf2 {[%clk 0:01:15]} f5 {[%clk 0:03:31]} 37. Ke1 {[%clk 0:01:23]}
Bxe3 {[%clk 0:01:35]} 38. Qxe3 {[%clk 0:01:27]} f4 {[%clk 0:01:45]} 39. Qf3
{[%clk 0:01:06]} Rb1 {[%clk 0:02:00]} 40. gxf4 {[%clk 0:30:43]} Rxf4 {[%clk
0:31:10]} 41. Qe2 {[%clk 0:26:57]} Qf7 {[%clk 0:19:41]} 42. Rg1 {[%clk 0:18:18]}
Qa7 {[%clk 0:16:57]} 43. Rh1 {[%clk 0:15:36]} Qb6 {[%clk 0:15:29]} 44. Rd2 {[%clk
0:11:03]} Rf8 {[%clk 0:05:21]} 45. g3 {[%clk 0:07:36]} g4 {[%clk 0:02:54]} 46.
Rf1 {[%clk 0:05:48]} Rf3 {[%clk 0:02:13]} 47. Rxf3 {[%clk 0:04:51]} gxf3 {[%clk
0:02:40]} 48. Qxf3 {[%clk 0:05:15]} Qg1+ {[%clk 0:03:06]} 49. Ke2 {[%clk
0:05:15]} Qh2+ {[%clk 0:03:29]} 50. Qf2 {[%clk 0:04:58]} Qh5+ {[%clk 0:03:50]}
51. Qf3 {[%clk 0:04:53]} Qh2+ {[%clk 0:04:02]} 52. Qf2 {[%clk 0:05:12]} Qh5+
{[%clk 0:04:08]} 53. Qf3 {[%clk 0:05:12]} Qh2+ {[%clk 0:04:27]} 1/2-1/2

[Event "European Women's Championship"]
[Site "Vysoke Tatry"]
[Date "2018.04.18"]
[Round "10"]
[White "Zherebtsova, Alexandra"]
[Black "Koubova, Anna Marie"]
[Result "1-0"]
[Board "60"]
[WhiteElo "2202"]
[WhiteTitle "WFM"]
[WhiteCountry "RUS"]
[WhiteFideId "24129518"]
[WhiteEloChange "2"]
[BlackElo "1819"]
[BlackCountry "CZE"]
[BlackFideId "381470"]
[BlackEloChange "-2"]

1. d4 {[%clk 1:30:58]} d5 {[%clk 1:30:54]} 2. Nf3 {[%clk 1:31:20]} Nf6 {[%clk
1:31:15]} 3. c4 {[%clk 1:31:46]} dxc4 {[%clk 1:31:40]} 4. e3 {[%clk 1:31:03]} e6
{[%clk 1:31:38]} 5. Bxc4 {[%clk 1:31:24]} c5 {[%clk 1:31:41]} 6. O-O {[%clk
1:29:18]} a6 {[%clk 1:31:50]} 7. dxc5 {[%clk 1:25:58]} Qxd1 {[%clk 1:31:23]} 8.
Rxd1 {[%clk 1:26:25]} Bxc5 {[%clk 1:31:32]} 9. Be2 {[%clk 1:25:50]} Nc6 {[%clk
1:23:22]} 10. Ne1 {[%clk 1:24:35]} O-O {[%clk 1:22:26]} 11. Nd2 {[%clk 1:17:07]}
e5 {[%clk 1:17:52]} 12. Nd3 {[%clk 0:59:18]} Ba7 {[%clk 1:11:12]} 13. b3 {[%clk
0:53:33]} e4 {[%clk 1:02:21]} 14. Nf4 {[%clk 0:51:31]} g5 {[%clk 0:53:12]} 15.
Bb2 {[%clk 0:45:35]} gxf4 {[%clk 0:49:48]} 16. Bxf6 {[%clk 0:45:55]} fxe3 {[%clk
0:49:49]} 17. Nxe4 {[%clk 0:44:43]} Bf5 {[%clk 0:49:16]} 18. Nd6 {[%clk 0:30:12]}
exf2+ {[%clk 0:49:31]} 19. Kf1 {[%clk 0:27:04]} Bg6 {[%clk 0:46:10]} 20. a3
{[%clk 0:23:04]} Bc2 {[%clk 0:40:49]} 21. Rd5 {[%clk 0:13:55]} h6 {[%clk
0:39:14]} 22. Rc1 {[%clk 0:11:27]} Bg6 {[%clk 0:35:52]} 23. h4 {[%clk 0:05:35]}
Rfe8 {[%clk 0:32:35]} 24. Nxe8 {[%clk 0:04:08]} Rxe8 {[%clk 0:32:59]} 25. Rd7
{[%clk 0:01:50]} Be4 {[%clk 0:30:58]} 26. Bc4 {[%clk 0:01:06]} Ne5 {[%clk
0:26:07]} 27. Bxe5 {[%clk 0:01:11]} Rxe5 {[%clk 0:26:35]} 28. Bxf7+ {[%clk
0:01:05]} Kf8 {[%clk 0:26:50]} 29. Rc8+ {[%clk 0:01:04]} Kg7 {[%clk 0:27:15]} 30.
Bd5+ {[%clk 0:00:56]} Kf6 {[%clk 0:26:22]} 31. Rf7+ {[%clk 0:00:55]} Kg6 {[%clk
0:26:39]} 32. Rg8+ {[%clk 0:00:52]} Kh5 {[%clk 0:27:01]} 33. Bxe4 {[%clk
0:00:48]} Rxe4 {[%clk 0:26:36]} 34. Rf5+ {[%clk 0:00:43]} Kxh4 {[%clk 0:26:58]}
35. g3+ {[%clk 0:01:07]} 1-0

[Event "European Women's Championship"]
[Site "Vysoke Tatry"]
[Date "2018.04.18"]
[Round "10"]
[White "Kejzar, Petra"]
[Black "Klek, Hanna Marie"]
[Result "0-1"]
[Board "61"]
[WhiteElo "2071"]
[WhiteCountry "SLO"]
[WhiteFideId "14610213"]
[WhiteEloChange "-4"]
[BlackElo "2327"]
[BlackTitle "WGM"]
[BlackCountry "GER"]
[BlackFideId "24670057"]
[BlackEloChange "4"]

1. d4 {[%clk 1:30:57]} d5 {[%clk 1:30:55]} 2. Bf4 {[%clk 1:31:23]} Nf6 {[%clk
1:31:20]} 3. e3 {[%clk 1:31:41]} c5 {[%clk 1:31:43]} 4. c3 {[%clk 1:31:57]} Nc6
{[%clk 1:32:08]} 5. Nd2 {[%clk 1:32:13]} Bf5 {[%clk 1:32:14]} 6. Ngf3 {[%clk
1:29:24]} Qb6 {[%clk 1:32:25]} 7. Qb3 {[%clk 1:24:45]} c4 {[%clk 1:32:49]} 8.
Qxb6 {[%clk 1:24:59]} axb6 {[%clk 1:33:13]} 9. Nh4 {[%clk 1:21:23]} e6 {[%clk
1:28:37]} 10. Nxf5 {[%clk 1:17:53]} exf5 {[%clk 1:29:01]} 11. Be2 {[%clk
1:18:04]} b5 {[%clk 1:29:07]} 12. O-O {[%clk 1:11:11]} b4 {[%clk 1:28:06]} 13. f3
{[%clk 1:05:50]} Nh5 {[%clk 1:21:48]} 14. Bg5 {[%clk 1:03:48]} h6 {[%clk
1:18:44]} 15. Bh4 {[%clk 1:03:49]} g5 {[%clk 1:15:06]} 16. f4 {[%clk 0:56:13]}
Nxf4 {[%clk 1:07:57]} 17. exf4 {[%clk 0:55:50]} gxh4 {[%clk 1:08:16]} 18. Bf3
{[%clk 0:49:59]} Ra5 {[%clk 1:06:47]} 19. Rfe1+ {[%clk 0:48:06]} Kd7 {[%clk
1:05:13]} 20. Bh5 {[%clk 0:47:02]} bxc3 {[%clk 1:01:24]} 21. bxc3 {[%clk
0:47:16]} Bd6 {[%clk 1:01:41]} 22. Nf3 {[%clk 0:44:03]} Bxf4 {[%clk 1:00:18]} 23.
Bxf7 {[%clk 0:43:03]} Rf8 {[%clk 0:56:49]} 24. Be6+ {[%clk 0:40:52]} Kd6 {[%clk
0:55:45]} 25. Nxh4 {[%clk 0:37:23]} Bd2 {[%clk 0:52:51]} 26. Nxf5+ {[%clk
0:36:27]} Kc7 {[%clk 0:48:12]} 27. Re2 {[%clk 0:36:38]} Bxc3 {[%clk 0:48:24]} 28.
Rd1 {[%clk 0:36:55]} h5 {[%clk 0:42:56]} 29. h3 {[%clk 0:36:07]} Rf6 {[%clk
0:38:58]} 30. g4 {[%clk 0:33:32]} hxg4 {[%clk 0:39:19]} 31. hxg4 {[%clk 0:33:58]}
Rg6 {[%clk 0:38:00]} 32. Kh2 {[%clk 0:26:01]} Rxg4 {[%clk 0:34:59]} 33. Ne3
{[%clk 0:22:26]} Rxd4 {[%clk 0:27:41]} 34. Rf1 {[%clk 0:17:29]} Nd8 {[%clk
0:25:14]} 35. Bh3 {[%clk 0:13:39]} Rd2 {[%clk 0:22:58]} 36. Rff2 {[%clk 0:13:29]}
Rxe2 {[%clk 0:23:03]} 37. Rxe2 {[%clk 0:13:58]} Bd4 {[%clk 0:18:37]} 38. Nf5
{[%clk 0:13:31]} Bc5 {[%clk 0:16:45]} 39. Bg2 {[%clk 0:08:23]} d4 {[%clk
0:15:14]} 40. Rc2 {[%clk 0:38:20]} b5 {[%clk 0:44:36]} 41. Kg3 {[%clk 0:38:14]}
d3 {[%clk 0:43:52]} 0-1

[Event "European Women's Championship"]
[Site "Vysoke Tatry"]
[Date "2018.04.18"]
[Round "10"]
[White "Richterova, Natasa"]
[Black "Ilyuchyk, Yana"]
[Result "0-1"]
[Board "62"]
[WhiteElo "2181"]
[WhiteTitle "WIM"]
[WhiteCountry "CZE"]
[WhiteFideId "350591"]
[WhiteEloChange "-12"]
[BlackElo "2098"]
[BlackCountry "BLR"]
[BlackFideId "13508407"]
[BlackEloChange "12"]

1. Nf3 {[%clk 1:30:58]} Nf6 {[%clk 1:30:55]} 2. c4 {[%clk 1:31:03]} g6 {[%clk
1:31:11]} 3. Nc3 {[%clk 1:31:26]} Bg7 {[%clk 1:31:29]} 4. e4 {[%clk 1:31:47]} d6
{[%clk 1:31:23]} 5. d4 {[%clk 1:32:07]} Nbd7 {[%clk 1:31:30]} 6. Be2 {[%clk
1:32:19]} e5 {[%clk 1:31:35]} 7. O-O {[%clk 1:32:02]} O-O {[%clk 1:31:54]} 8. Be3
{[%clk 1:32:22]} Qe7 {[%clk 1:30:57]} 9. d5 {[%clk 1:32:25]} Ng4 {[%clk 1:30:44]}
10. Bg5 {[%clk 1:25:21]} f6 {[%clk 1:31:07]} 11. Bd2 {[%clk 1:23:09]} f5 {[%clk
1:26:58]} 12. Ne1 {[%clk 1:00:16]} Ngf6 {[%clk 1:23:32]} 13. f3 {[%clk 0:59:08]}
f4 {[%clk 1:11:02]} 14. b4 {[%clk 0:58:22]} g5 {[%clk 1:09:09]} 15. Nd3 {[%clk
0:58:10]} b6 {[%clk 1:08:09]} 16. Nb5 {[%clk 0:57:31]} Ne8 {[%clk 0:55:16]} 17.
c5 {[%clk 0:41:40]} Ndf6 {[%clk 0:46:58]} 18. Qc2 {[%clk 0:31:42]} g4 {[%clk
0:41:44]} 19. Rfc1 {[%clk 0:30:18]} Rf7 {[%clk 0:29:15]} 20. a4 {[%clk 0:24:59]}
gxf3 {[%clk 0:23:39]} 21. gxf3 {[%clk 0:23:13]} Nh5 {[%clk 0:21:30]} 22. Bf1
{[%clk 0:16:19]} Bf8 {[%clk 0:16:57]} 23. Kh1 {[%clk 0:05:15]} Rg7 {[%clk
0:16:39]} 24. Be1 {[%clk 0:04:39]} Qg5 {[%clk 0:15:37]} 25. Qf2 {[%clk 0:03:54]}
Qh6 {[%clk 0:13:57]} 26. Bg2 {[%clk 0:04:12]} Ng3+ {[%clk 0:12:04]} 27. Kg1
{[%clk 0:04:41]} Nxe4 {[%clk 0:11:23]} 28. Qf1 {[%clk 0:02:16]} Ng5 {[%clk
0:10:38]} 29. Kh1 {[%clk 0:02:33]} e4 {[%clk 0:08:47]} 30. Nxf4 {[%clk 0:01:29]}
Nxf3 {[%clk 0:08:55]} 31. Bxf3 {[%clk 0:01:31]} Qxf4 {[%clk 0:08:52]} 32. Bg2
{[%clk 0:01:35]} Qxf1+ {[%clk 0:08:51]} 33. Bxf1 {[%clk 0:02:05]} dxc5 {[%clk
0:08:10]} 34. Bc3 {[%clk 0:01:50]} a6 {[%clk 0:04:41]} 35. Na3 {[%clk 0:00:46]}
cxb4 {[%clk 0:04:51]} 36. Bxg7 {[%clk 0:01:02]} Bxg7 {[%clk 0:05:13]} 37. Ra2
{[%clk 0:00:38]} bxa3 {[%clk 0:05:24]} 38. Rc4 {[%clk 0:00:45]} Bb2 {[%clk
0:04:13]} 39. Rxe4 {[%clk 0:01:13]} Bb7 {[%clk 0:04:22]} 40. Rg4+ {[%clk
0:31:42]} Kf7 {[%clk 0:34:10]} 41. Bg2 {[%clk 0:29:58]} Rd8 {[%clk 0:33:31]} 42.
Rf4+ {[%clk 0:29:40]} Nf6 {[%clk 0:33:49]} 43. Rc4 {[%clk 0:27:05]} Rd7 {[%clk
0:32:07]} 0-1

[Event "European Women's Championship"]
[Site "Vysoke Tatry"]
[Date "2018.04.18"]
[Round "10"]
[White "Vidic, Teja"]
[Black "Ferkova, Dominika"]
[Result "0-1"]
[Board "63"]
[WhiteElo "2176"]
[WhiteTitle "WFM"]
[WhiteCountry "SLO"]
[WhiteFideId "14605511"]
[WhiteEloChange "-13"]
[BlackElo "2068"]
[BlackCountry "SVK"]
[BlackFideId "14933071"]
[BlackEloChange "13"]

1. d4 {[%clk 1:30:58]} d5 {[%clk 1:30:55]} 2. c4 {[%clk 1:31:24]} c6 {[%clk
1:31:18]} 3. Nf3 {[%clk 1:31:51]} e6 {[%clk 1:31:38]} 4. e3 {[%clk 1:32:16]} Nf6
{[%clk 1:32:01]} 5. b3 {[%clk 1:32:43]} Be7 {[%clk 1:29:10]} 6. Bd3 {[%clk
1:32:08]} O-O {[%clk 1:28:58]} 7. Bb2 {[%clk 1:32:30]} Nbd7 {[%clk 1:27:54]} 8.
O-O {[%clk 1:32:52]} b6 {[%clk 1:27:39]} 9. Nbd2 {[%clk 1:33:12]} c5 {[%clk
1:24:57]} 10. Ne5 {[%clk 1:29:29]} Bb7 {[%clk 1:22:40]} 11. f4 {[%clk 1:22:12]}
Ne4 {[%clk 1:16:59]} 12. Qe2 {[%clk 1:08:38]} f5 {[%clk 1:09:58]} 13. cxd5 {[%clk
1:06:13]} Nxe5 {[%clk 1:02:25]} 14. dxe5 {[%clk 0:57:42]} Nxd2 {[%clk 0:59:23]}
15. Qxd2 {[%clk 0:58:05]} Qxd5 {[%clk 0:57:54]} 16. Rad1 {[%clk 0:55:28]} Rad8
{[%clk 0:57:03]} 17. Qe2 {[%clk 0:48:23]} Qc6 {[%clk 0:54:52]} 18. Qf3 {[%clk
0:42:24]} Qc8 {[%clk 0:49:43]} 19. Qe2 {[%clk 0:39:46]} Qc6 {[%clk 0:48:11]} 20.
a4 {[%clk 0:36:25]} Kh8 {[%clk 0:46:52]} 21. Bb5 {[%clk 0:24:08]} Qe4 {[%clk
0:45:20]} 22. Bd3 {[%clk 0:18:54]} Qc6 {[%clk 0:45:32]} 23. Bc4 {[%clk 0:18:19]}
Rg8 {[%clk 0:43:53]} 24. Qf3 {[%clk 0:15:43]} Qc7 {[%clk 0:44:07]} 25. Qh3 {[%clk
0:13:37]} Qc6 {[%clk 0:43:39]} 26. Be2 {[%clk 0:11:46]} Qe4 {[%clk 0:40:52]} 27.
Qf3 {[%clk 0:06:04]} Qc2 {[%clk 0:37:54]} 28. Qxb7 {[%clk 0:06:30]} Qxe2 {[%clk
0:38:18]} 29. Rxd8 {[%clk 0:05:52]} Qxe3+ {[%clk 0:38:27]} 30. Kh1 {[%clk
0:04:30]} Bxd8 {[%clk 0:38:56]} 31. Qf3 {[%clk 0:03:59]} Qxf3 {[%clk 0:36:56]}
32. Rxf3 {[%clk 0:04:26]} Be7 {[%clk 0:36:51]} 33. Rd3 {[%clk 0:04:42]} Rd8
{[%clk 0:37:19]} 34. Rxd8+ {[%clk 0:05:07]} Bxd8 {[%clk 0:37:44]} 35. Kg1 {[%clk
0:04:42]} Kg8 {[%clk 0:38:06]} 36. Kf2 {[%clk 0:05:09]} Kf7 {[%clk 0:38:30]} 37.
h3 {[%clk 0:02:53]} h5 {[%clk 0:35:58]} 38. g4 {[%clk 0:02:55]} g6 {[%clk
0:33:44]} 39. Bc1 {[%clk 0:00:47]} Ke8 {[%clk 0:32:55]} 40. gxh5 {[%clk 0:30:53]}
gxh5 {[%clk 1:02:41]} 41. Ke3 {[%clk 0:23:29]} Kd7 {[%clk 1:02:57]} 42. Kd3
{[%clk 0:23:09]} Kc6 {[%clk 1:03:15]} 43. Be3 {[%clk 0:16:10]} Kd5 {[%clk
0:59:35]} 44. Bf2 {[%clk 0:16:25]} a6 {[%clk 0:59:06]} 45. Be1 {[%clk 0:13:09]}
b5 {[%clk 0:58:48]} 46. axb5 {[%clk 0:13:07]} axb5 {[%clk 0:59:15]} 47. Bd2
{[%clk 0:11:29]} Bb6 {[%clk 0:58:17]} 48. Bc1 {[%clk 0:10:08]} c4+ {[%clk
0:58:27]} 49. bxc4+ {[%clk 0:09:55]} bxc4+ {[%clk 0:58:56]} 50. Kd2 {[%clk
0:08:24]} Ke4 {[%clk 0:59:19]} 51. Kc3 {[%clk 0:08:47]} Be3 {[%clk 0:58:30]} 52.
Ba3 {[%clk 0:08:53]} Kd5 {[%clk 0:58:27]} 0-1

[Event "European Women's Championship"]
[Site "Vysoke Tatry"]
[Date "2018.04.18"]
[Round "10"]
[White "Hereklioglu, Sude"]
[Black "Pavlidou, Ekaterini"]
[Result "0-1"]
[Board "64"]
[WhiteElo "2123"]
[WhiteTitle "WFM"]
[WhiteCountry "TUR"]
[WhiteFideId "6359531"]
[WhiteEloChange "-9"]
[BlackElo "2164"]
[BlackTitle "WIM"]
[BlackCountry "GRE"]
[BlackFideId "4213262"]
[BlackEloChange "9"]

1. e4 {[%clk 1:30:57]} c5 {[%clk 1:30:33]} 2. Nf3 {[%clk 1:31:09]} g6 {[%clk
1:29:38]} 3. Nc3 {[%clk 1:30:26]} Bg7 {[%clk 1:29:55]} 4. Bc4 {[%clk 1:25:47]}
Nc6 {[%clk 1:29:21]} 5. O-O {[%clk 1:25:50]} a6 {[%clk 1:26:21]} 6. a4 {[%clk
1:24:38]} d6 {[%clk 1:24:07]} 7. d3 {[%clk 1:23:43]} e6 {[%clk 1:21:19]} 8. Bf4
{[%clk 1:16:07]} Nge7 {[%clk 1:20:09]} 9. Re1 {[%clk 1:15:51]} h6 {[%clk
1:19:25]} 10. Qc1 {[%clk 1:10:58]} g5 {[%clk 1:19:35]} 11. Be3 {[%clk 1:05:13]}
Ng6 {[%clk 1:19:36]} 12. Ne2 {[%clk 1:04:10]} g4 {[%clk 1:12:40]} 13. Nd2 {[%clk
1:04:20]} Nce5 {[%clk 1:11:00]} 14. c3 {[%clk 0:53:42]} d5 {[%clk 1:03:19]} 15.
exd5 {[%clk 0:52:36]} exd5 {[%clk 1:03:40]} 16. d4 {[%clk 0:50:49]} Nxc4 {[%clk
1:03:07]} 17. Nxc4 {[%clk 0:50:34]} dxc4 {[%clk 1:03:31]} 18. Ng3 {[%clk
0:49:58]} O-O {[%clk 1:01:34]} 19. Bxh6 {[%clk 0:43:35]} Qh4 {[%clk 0:50:49]} 20.
Bg5 {[%clk 0:39:32]} Qh8 {[%clk 0:47:49]} 21. d5 {[%clk 0:36:50]} Bd7 {[%clk
0:42:08]} 22. Ne4 {[%clk 0:32:52]} Be5 {[%clk 0:34:40]} 23. Bh6 {[%clk 0:29:41]}
Rac8 {[%clk 0:33:27]} 24. Qg5 {[%clk 0:26:26]} Rfd8 {[%clk 0:33:04]} 25. h4
{[%clk 0:17:27]} gxh3 {[%clk 0:29:52]} 26. f4 {[%clk 0:17:42]} Bg7 {[%clk
0:27:11]} 27. Bxg7 {[%clk 0:17:46]} Kxg7 {[%clk 0:19:14]} 28. f5 {[%clk 0:13:33]}
Bxf5 {[%clk 0:18:17]} 29. Qxf5 {[%clk 0:13:55]} hxg2 {[%clk 0:18:04]} 30. Qf6+
{[%clk 0:06:31]} Kg8 {[%clk 0:18:31]} 31. Qxh8+ {[%clk 0:04:41]} Kxh8 {[%clk
0:18:47]} 32. Red1 {[%clk 0:04:26]} Nf4 {[%clk 0:17:53]} 33. d6 {[%clk 0:04:27]}
Kg7 {[%clk 0:15:53]} 34. Kh2 {[%clk 0:02:50]} f5 {[%clk 0:14:46]} 35. Ng5 {[%clk
0:01:30]} Kf6 {[%clk 0:11:43]} 36. Nf3 {[%clk 0:01:15]} Rg8 {[%clk 0:10:27]} 37.
Re1 {[%clk 0:00:46]} Rg7 {[%clk 0:10:05]} 38. Rad1 {[%clk 0:00:44]} g1Q+ {[%clk
0:09:08]} 39. Nxg1 {[%clk 0:01:03]} Rh8+ {[%clk 0:09:27]} 0-1